Statistics for Local Derbies in Soccer

Click here to take the quiz!

General Stats

  • This quiz has been taken 19,657 times
    (6,769 since last reset)
  • The average score is 8 of 13

Answer Stats

CountryFirst rivalSecond rival% Correct
ScotlandCelticRangers
94%
ItalyAC MilanInternazionale
90%
EnglandEvertonLiverpool
90%
EnglandArsenalTottenham Hotspur
83%
ArgentinaRiver PlateBoca Juniors
81%
PortugalSporting CPBenfica
76%
ItalyAS RomaLazio
70%
SpainBarcelonaEspanyol
60%
TurkeyGalatasarayFenerbahce
55%
GermanyBorussia DortmundSchalke 04
48%
SpainSevilla FCReal Betis
44%
BrazilCorinthiansPalmeiras
19%
MexicoAtlas FCGuadalajara (Chivas)
18%

Score Distribution

Percentile by Number Answered

Percent of People with Each Score

Your Score History

You have not taken this quiz since the last reset